00788nam a2200229Ia 4500003000400000005001700004008004100021040000700062041000800069082001900077100002600096245005900122260004300181300001200224365001300236650004700249650002800296906006200324942001200386999001900398952014100417OSt20230401125311.0210423s2003 xx 000 0 und d cAL aeng a659.2 HENR223 aHENRY (Rene A)981987 aMarketing public relations: the hows that make it work aNew DelhibSurjeeth Publicationsc2003 axiv,281 b195cINR aManagement & Auxiliary Services 650981988 aPublic Relations981989 ahows ; it ; make ; Marketing ; public ; relations: ; work 2ddccBK c155489d155489 001040708MAJMCaSACPGbSACPGd2008-07-09eHigginbothams Pvt Ltdg195.00l0o659.2 HENRpPG001961r2022-08-24 00:00:00w2021-04-26yBK